000 00590nam a2200193Ia 4500
003 GCL
008 140319s9999 xx 000 0 ara d
040 _aGCL /
_cGCL
082 0 4 _a347
_bا و
100 1 _aانور طلبة
245 1 0 _aالوسيط فى القانون المدنى /
_cانور طلبة
260 _a[S.N] :
_bلجنة الاعلام والدراسات المستقبلية ،
_c1993
300 _a3 مجلدات
490 _a
650 0 4 _aالقانون
650 0 4 _aالقانون المدنى
650 0 4 _aقوانين وتشريعات
942 _2ddc
_cBK
999 _c32031
_d32031